[Event "Berlin Unicorn op"]
[Site "Berlin"]
[Date "2007.05.17"]
[Round "3"]
[White "Tyrtania, Maximilian"]
[Black "Berger, Steve"]
[Result "1/2-1/2"]
[WhiteElo "2251"]
[BlackElo "2393"]
[PlyCount "88"]
[EventDate "2007.05.16"]
[EventType "swiss"]
[EventRounds "7"]
[EventCountry "GER"]
[SourceTitle "CBM 118 Extra"]
[Source "ChessBase"]
[SourceDate "2007.07.04"]
[SourceVersion "1"]
[SourceVersionDate "2007.07.04"]
[SourceQuality "1"]

1. c4 e6 2. Nf3 Nf6 3. d4 b6 4. Bg5 h6 5. Bxf6 Qxf6 6. Nc3 Bb4 7. Rc1 Bb7 8. e3 Bxf3 9. Qxf3 Qxf3 10. gxf3 c5 11. dxc5 bxc5 12. f4 a5 13. Bg2 Ra6 14. h4 Ke7 15. Kd1 Bxc3 16. Rxc3 Rb6 17. Kc1 Rb4 18. Bf3 h5 19. Rd1 g6 20. Rd2 d6 21. a3 Rb6 22. Rcd3 Nd7 23. Bd1 Nf6 24. f3 d5 25. Bb3 Rhb8 26. Ba2 dxc4 27. Bxc4 R8b7 28. Rd8 Rxb2 29. Rxb2 Rxb2 30. Ra8 Rf2 31. Ra7+ Kd6 32. Rxa5 Rxf3 33. Ra6+ Kc7 34. Ra7+ Kb6 35. Rxf7 Rxe3 36. Rxf6 Rc3+ 37. Kd2 Rxc4 38. Rxe6+ Kb5 39. Ke3 Rc3+ 40. Kf2 Rxa3 41. Rxg6 Rh3 42. f5 Rxh4 43. Kg3 Rd4 44. Rh6 h4+ 1/2-1/2

[Event "BL2-Nord 0001"]
[Site "Germany"]
[Date "2001.03.11"]
[Round "7.3"]
[White "Tyrtania, Maximilian"]
[Black "Wippermann, Till"]
[Result "1/2-1/2"]
[WhiteElo "2270"]
[BlackElo "2306"]
[PlyCount "101"]
[EventDate "2000.10.15"]
[EventType "team-tourn"]
[EventRounds "9"]
[EventCountry "GER"]
[SourceTitle "CBM 082 Extra"]
[Source "ChessBase"]
[SourceDate "2001.07.03"]
[SourceVersion "1"]
[SourceVersionDate "2001.07.03"]
[SourceQuality "1"]
[WhiteTeam "Koenig Tegel II"]
[BlackTeam "Isernhagen"]
[WhiteTeamCountry "GER"]
[BlackTeamCountry "GER"]

1. d4 g6 2. c4 Bg7 3. e4 c5 4. d5 d6 5. Nc3 Nf6 6. Nge2 0-0 7. Ng3 e6 8. Be2 exd5 9. exd5 Re8 10. 0-0 Na6 11. Bf4 Nc7 12. a4 Rb8 13. Qd2 b6 14. Bg5 Qd7 15. Qf4 Ng4 16. Nge4 Be5 17. Bxg4 Qxg4 18. Nf6+ Bxf6 19. Qxf6 Ba6 20. Bh6 Qd4 21. Qxd4 cxd4 22. Nb5 Bxb5 23. axb5 Ra8 24. Bf4 Red8 25. Rfd1 a6 26. bxa6 Nxa6 27. Rxd4 b5 28. g4 b4 29. Ra5 Nc7 30. Rxa8 Nxa8 31. Rd1 b3 32. Rd3 Nb6 33. Rxb3 Nxc4 34. Kg2 Kf8 35. Bh6+ Ke8 36. Rb4 Ne5 37. h3 Rc8 38. Rb7 Rc5 39. Rb8+ Kd7 40. Rb7+ Ke8 41. b4 Rxd5 42. b5 Nd7 43. Be3 Kd8 44. b6 Rb5 45. Ra7 Rb4 46. Bg5+ f6 47. Be3 Ke7 48. Kf3 Ke6 49. Ke2 h5 50. gxh5 gxh5 51. b7 1/2-1/2

[Event "Berlin-ch"]
[Site "Berlin"]
[Date "2000.04.26"]
[Round "6"]
[White "Paulsen, Dirk"]
[Black "Tyrtania, Maximilian"]
[Result "1-0"]
[WhiteElo "2385"]
[BlackElo "2236"]
[PlyCount "57"]
[EventDate "2000.04.??"]
[EventType "swiss"]
[EventRounds "9"]
[EventCountry "GER"]
[SourceTitle "EXT 2001"]
[Source "ChessBase"]
[SourceDate "2000.11.22"]
[SourceVersion "1"]
[SourceVersionDate "2000.11.22"]
[SourceQuality "1"]

1. Nf3 c5 2. e4 e6 3. b3 d6 4. Bb5+ Nd7 5. 0-0 Ngf6 6. Re1 Be7 7. d4 cxd4 8. Qxd4 0-0 9. Bb2 Qc7 10. Bxd7 Bxd7 11. c4 b5 12. cxb5 Bxb5 13. Nbd2 e5 14. Qb4 Qb7 15. a4 Bc6 16. Qxb7 Bxb7 17. Ba3 Rfd8 18. Nc4 Bxe4 19. Nfxe5 Bd5 20. Na5 Rac8 21. Nec6 Bxc6 22. Rxe7 Rd7 23. Rxd7 Bxd7 24. Bxd6 Ne4 25. Bf4 Be6 26. Be3 a6 27. f3 Rc3 28. Rd1 f6 29. Bd4 1-0

[Event "Berlin-ch"]
[Site "Berlin"]
[Date "2000.04.25"]
[Round "5"]
[White "Tyrtania, Maximilian"]
[Black "Brameyer, Hermann"]
[Result "1-0"]
[WhiteElo "2236"]
[BlackElo "2244"]
[PlyCount "105"]
[EventDate "2000.04.??"]
[EventType "swiss"]
[EventRounds "9"]
[EventCountry "GER"]
[SourceTitle "EXT 2001"]
[Source "ChessBase"]
[SourceDate "2000.11.22"]
[SourceVersion "1"]
[SourceVersionDate "2000.11.22"]
[SourceQuality "1"]

1. d4 d5 2. c4 e6 3. Nf3 Nf6 4. Nc3 Nbd7 5. cxd5 exd5 6. Bf4 c6 7. h3 Qa5 8. a3 Ne4 9. Qc1 Nxc3 10. Qxc3 Qxc3+ 11. bxc3 Be7 12. e3 0-0 13. Bd3 c5 14. 0-0 a6 15. a4 b6 16. Rfb1 c4 17. Be2 Bd8 18. Nd2 Nf6 19. g4 h6 20. Be5 Bb7 21. Bf3 Rc8 22. Nf1 Nd7 23. Bf4 Re8 24. Ng3 Bc7 25. Bxc7 Rxc7 26. Nf5 Bc6 27. Bd1 Re6 28. Bc2 Rb7 29. Re1 Nf6 30. f3 Kf8 31. Kf2 Rb8 32. h4 Ng8 33. e4 g6 34. Ng3 Rd8 35. e5 Ree8 36. f4 Bd7 37. f5 gxf5 38. gxf5 Ra8 39. f6 Be6 40. Rg1 b5 41. Ne2 h5 42. Rg5 Bg4 43. Nf4 Reb8 44. Nxh5 Nh6 45. Nf4 b4 46. Nxd5 bxc3 47. Ne3 Rb2 48. Rg1 Ke8 49. R5xg4 Nxg4+ 50. Rxg4 Kd7 51. Rg7 Ke6 52. Kf3 Rxc2 53. Nxc2 1-0

[Event "Berlin-ch"]
[Site "Berlin"]
[Date "2000.04.24"]
[Round "4"]
[White "Tyrtania, Maximilian"]
[Black "Rabiega, Robert"]
[Result "1/2-1/2"]
[WhiteElo "2236"]
[BlackElo "2477"]
[PlyCount "50"]
[EventDate "2000.04.??"]
[EventType "swiss"]
[EventRounds "9"]
[EventCountry "GER"]
[SourceTitle "EXT 2001"]
[Source "ChessBase"]
[SourceDate "2000.11.22"]
[SourceVersion "1"]
[SourceVersionDate "2000.11.22"]
[SourceQuality "1"]

1. d4 d5 2. c4 Nc6 3. cxd5 Qxd5 4. e3 e5 5. Nc3 Bb4 6. Bd2 Bxc3 7. Bxc3 exd4 8. Ne2 Nf6 9. Nxd4 0-0 10. Qb3 Nxd4 11. Qxd5 Nc2+ 12. Kd2 Nxd5 13. Kxc2 Bf5+ 14. Bd3 Bxd3+ 15. Kxd3 Rfd8 16. Kc2 f5 17. Rhe1 Rd6 18. Rad1 Re8 19. Rd4 Kf7 20. h3 Red8 21. g4 Nxc3 22. bxc3 fxg4 23. hxg4 c5 24. Rxd6 Rxd6 25. f4 h6 1/2-1/2

[Event "BL2-Nord 9899"]
[Site "Germany"]
[Date "1999.03.07"]
[Round "7.6"]
[White "Bach, Matthias"]
[Black "Tyrtania, Maximilian"]
[Result "1/2-1/2"]
[WhiteElo "2335"]
[BlackElo "2240"]
[PlyCount "134"]
[EventDate "1998.10.18"]
[EventType "team-tourn"]
[EventRounds "9"]
[EventCountry "GER"]
[SourceTitle "GER-chT2"]
[Source "ChessBase"]
[SourceDate "1999.07.01"]
[SourceVersion "1"]
[SourceVersionDate "1999.07.01"]
[SourceQuality "1"]
[WhiteTeam "Hamburger SK II"]
[BlackTeam "Lasker Steglitz"]
[WhiteTeamCountry "GER"]
[BlackTeamCountry "GER"]

1. d4 e6 2. c4 Bb4+ 3. Nd2 f5 4. g3 Nf6 5. a3 Bxd2+ 6. Qxd2 d6 7. Bg2 0-0 8. Nh3 Qe7 9. 0-0 e5 10. b4 exd4 11. Qxd4 Nc6 12. Bxc6 bxc6 13. Bb2 a5 14. Nf4 Qe5 15. f3 Qxd4+ 16. Bxd4 g5 17. Nd3 Be6 18. Rfc1 axb4 19. axb4 Rxa1 20. Bxa1 Kf7 21. c5 Bd5 22. Kf2 Ra8 23. h4 h6 24. Bd4 Ra2 25. hxg5 hxg5 26. b5 cxb5 27. cxd6 cxd6 28. Bxf6 Bc4 29. Rxc4 bxc4 30. Nb4 Ra4 31. Bc3 Ra3 32. Bd4 Ke6 33. Be3 g4 34. fxg4 fxg4 35. Bf4 d5 36. Nc2 Ra2 37. Nd4+ Kf6 38. Ke3 Ra3+ 39. Kd2 Kg6 40. Be5 Kg5 41. Bd6 Ra1 42. Kc3 Rd1 43. Nc2 Kf6 44. Ne3 Re1 45. Kd2 Ra1 46. Nxg4+ Kf5 47. Ne3+ Ke4 48. Nc2 Rb1 49. Bc5 Rb7 50. Bd4 Rb8 51. Bc5 Rg8 52. Bd6 d4 53. Bf4 Ra8 54. Nb4 Ra1 55. Nc6 c3+ 56. Kc2 Re1 57. Nb4 Rxe2+ 58. Kb3 Rh2 59. Na6 Rh5 60. Kc4 Ra5 61. Nb4 Ra8 62. Kb3 Rc8 63. Kc2 Rh8 64. Kb3 Rh1 65. Kc4 Rd1 66. Na6 Kf3 67. Nc5 c2 1/2-1/2

[Event "Berlin-ch"]
[Site "Berlin"]
[Date "1997.03.26"]
[Round "5"]
[White "Paulsen, Dirk"]
[Black "Tyrtania, Maximilian"]
[Result "0-1"]
[WhiteElo "2365"]
[BlackElo "2225"]
[PlyCount "104"]
[EventDate "1997.03.22"]
[EventType "swiss"]
[EventRounds "9"]
[EventCountry "GER"]
[SourceTitle "EXT 2001"]
[Source "ChessBase"]
[SourceDate "2000.11.22"]
[SourceVersion "1"]
[SourceVersionDate "2000.11.22"]
[SourceQuality "1"]

1. d4 c5 2. d5 g6 3. c4 Bg7 4. e4 d6 5. Bd3 e6 6. Nf3 Ne7 7. 0-0 0-0 8. Nc3 Nd7 9. dxe6 fxe6 10. Bg5 h6 11. Be3 Nc6 12. Be2 Nde5 13. Nxe5 Bxe5 14. Qd2 g5 15. Rad1 Bd4 16. h4 Qf6 17. Bh5 Bd7 18. hxg5 hxg5 19. Bxg5 Qe5 20. Nb5 Qxe4 21. Bh6 Qh4 22. Bxf8 Rxf8 23. Qe2 Ne5 24. Rxd4 cxd4 25. Nxd6 Qg5 26. Re1 Bc6 27. g3 Nf3+ 28. Bxf3 Bxf3 29. Qxe6+ Kg7 30. Ne4 Qh5 31. Qe7+ Kg6 32. Qd6+ Kg7 33. Qxd4+ Kg6 34. Qd6+ Kg7 35. Qe7+ Kg6 36. Qe6+ Kg7 37. Qe7+ Kg6 38. Qh4 Qxh4 39. gxh4 Re8 40. Kh2 Rxe4 41. Rxe4 Bxe4 42. Kg3 Kf5 43. h5 Kg5 44. h6 a5 45. c5 Bb1 46. a3 a4 47. Kf3 Kxh6 48. Ke3 Kg5 49. Kd2 Ba2 50. b4 axb3 51. Kc3 Kf5 52. a4 b2 0-1

[Event "Berlin-ch"]
[Site "Berlin"]
[Date "1997.03.24"]
[Round "3"]
[White "Tyrtania, Maximilian"]
[Black "Fette, Martin"]
[Result "1/2-1/2"]
[WhiteElo "2225"]
[BlackElo "2340"]
[PlyCount "65"]
[EventDate "1997.03.22"]
[EventType "swiss"]
[EventRounds "9"]
[EventCountry "GER"]
[SourceTitle "EXT 2001"]
[Source "ChessBase"]
[SourceDate "2000.11.22"]
[SourceVersion "1"]
[SourceVersionDate "2000.11.22"]
[SourceQuality "1"]

1. c4 c6 2. e4 d5 3. exd5 cxd5 4. d4 Nf6 5. Nc3 Be6 6. c5 g6 7. Nf3 Bg7 8. Bb5+ Nc6 9. Ne5 Bd7 10. 0-0 Nxe5 11. dxe5 Ne4 12. Bxd7+ Qxd7 13. Nxe4 dxe4 14. Bf4 Qc6 15. Rc1 0-0 16. Qe2 Rad8 17. Rc4 f5 18. exf6 Bxf6 19. Bh6 Rf7 20. Be3 e6 21. b3 h5 22. Qe1 Rd3 23. Qb4 Qd5 24. Rxe4 Rd1 25. g3 Rxf1+ 26. Kxf1 Qd1+ 27. Kg2 Bc3 28. Qc4 Qf3+ 29. Kg1 e5 30. c6 bxc6 31. Qxc6 Qd1+ 32. Kg2 Qf3+ 33. Kg1 1/2-1/2

[Event "Berlin-ch"]
[Site "Berlin"]
[Date "1997.03.23"]
[Round "2"]
[White "Falz, Roman"]
[Black "Tyrtania, Maximilian"]
[Result "0-1"]
[WhiteElo "2013"]
[BlackElo "2225"]
[PlyCount "78"]
[EventDate "1997.03.22"]
[EventType "swiss"]
[EventRounds "9"]
[EventCountry "GER"]
[SourceTitle "EXT 2001"]
[Source "ChessBase"]
[SourceDate "2000.11.22"]
[SourceVersion "1"]
[SourceVersionDate "2000.11.22"]
[SourceQuality "1"]

1. d4 c5 2. Nf3 cxd4 3. Nxd4 d5 4. g3 e5 5. Nf3 Nc6 6. Bg2 Nf6 7. 0-0 Bc5 8. c4 d4 9. Nbd2 0-0 10. Ng5 Be7 11. Nge4 Nxe4 12. Bxe4 f5 13. Bd5+ Kh8 14. Nf3 Bf6 15. e3 d3 16. e4 Nb4 17. h4 Nxd5 18. exd5 b5 19. Ng5 bxc4 20. Qh5 Bxg5 21. hxg5 g6 22. Qh6 Bb7 23. f4 Qxd5 24. Rf2 c3 25. bxc3 Qc5 26. Bd2 Rfe8 27. c4 Rad8 28. Rb1 Bf3 29. fxe5 Kg8 30. e6 Rb8 31. Re1 Be2 32. Qh1 Rxe6 33. Qd5 Qxd5 34. cxd5 Ra6 35. Rfxe2 dxe2 36. Rxe2 Rxa2 37. Kf1 Rbb2 38. Ke1 Kf7 39. d6 Rxd2 0-1

[Event "BL2-Nord 9697"]
[Site "Germany"]
[Date "1997.??.??"]
[Round "?.4"]
[White "Meyer, Falko"]
[Black "Tyrtania, Maximilian"]
[Result "1-0"]
[WhiteElo "2290"]
[BlackElo "2225"]
[PlyCount "97"]
[EventDate "1996.10.??"]
[EventType "team-tourn"]
[EventRounds "9"]
[EventCountry "GER"]
[SourceTitle "GER-chT2"]
[Source "ChessBase"]
[SourceDate "1999.07.01"]
[SourceVersion "1"]
[SourceVersionDate "1999.07.01"]
[SourceQuality "1"]
[WhiteTeam "Hamburger SK II"]
[BlackTeam "Lasker Steglitz"]
[WhiteTeamCountry "GER"]
[BlackTeamCountry "GER"]

1. e4 c6 2. d4 d5 3. e5 c5 4. dxc5 Nc6 5. Bb5 e6 6. b4 Qh4 7. c3 Qe4+ 8. Ne2 Qxg2 9. Ng3 Qh3 10. Bg5 f5 11. f3 Qg2 12. Nd2 h6 13. Bf1 Qxh1 14. Nxh1 hxg5 15. Qe2 Nh6 16. Nf2 Nf7 17. Nd3 Bd7 18. Nb3 a6 19. a4 Rh4 20. 0-0-0 g6 21. Re1 Bg7 22. h3 Ncxe5 23. Nd4 Nxd3+ 24. Qxd3 e5 25. Nc2 Be6 26. Ne3 Rd8 27. c6 bxc6 28. Qxa6 Bd7 29. b5 Rc8 30. b6 Ke7 31. b7 Rb8 32. Qa7 Rhh8 33. a5 Nd6 34. a6 e4 35. Nd1 Be5 36. Re2 Bf4+ 37. Kb1 g4 38. hxg4 fxg4 39. fxe4 Nxe4 40. Qd4 Kf7 41. Qxh8 Rxh8 42. a7 Rh1 43. b8Q Rxf1 44. Qb7 Rxd1+ 45. Kc2 Rc1+ 46. Kb2 Nc5 47. Qxd7+ Nxd7 48. a8Q Nf6 49. Qb7+ 1-0

[Event "BL2-Nord 9697"]
[Site "Germany"]
[Date "1997.??.??"]
[Round "?.4"]
[White "Tyrtania, Maximilian"]
[Black "Rhodin, Christian"]
[Result "1/2-1/2"]
[WhiteElo "2225"]
[BlackElo "2250"]
[PlyCount "33"]
[EventDate "1996.10.??"]
[EventType "team-tourn"]
[EventRounds "9"]
[EventCountry "GER"]
[SourceTitle "GER-chT2"]
[Source "ChessBase"]
[SourceDate "1999.07.01"]
[SourceVersion "1"]
[SourceVersionDate "1999.07.01"]
[SourceQuality "1"]
[WhiteTeam "Lasker Steglitz"]
[BlackTeam "Hamburger SG BUE"]
[WhiteTeamCountry "GER"]
[BlackTeamCountry "GER"]

1. d4 Nf6 2. c4 c5 3. d5 b5 4. Nf3 Bb7 5. a4 bxc4 6. Nc3 e6 7. e4 exd5 8. e5 Ne4 9. Nxd5 Qa5+ 10. Ke2 Nc6 11. Ke3 Nb4 12. Bxc4 f5 13. Nxb4 cxb4 14. Ke2 Rc8 15. Bb5 Bc6 16. Bxc6 Rxc6 17. Qd3 1/2-1/2

[Event "BL2-Nord 9697"]
[Site "Germany"]
[Date "1997.??.??"]
[Round "?.4"]
[White "Tyrtania, Maximilian"]
[Black "Studeny, Steffen"]
[Result "1/2-1/2"]
[WhiteElo "2225"]
[BlackElo "2235"]
[PlyCount "43"]
[EventDate "1996.10.??"]
[EventType "team-tourn"]
[EventRounds "9"]
[EventCountry "GER"]
[SourceTitle "GER-chT2"]
[Source "ChessBase"]
[SourceDate "1999.07.01"]
[SourceVersion "1"]
[SourceVersionDate "1999.07.01"]
[SourceQuality "1"]
[WhiteTeam "Lasker Steglitz"]
[BlackTeam "Anhalt"]
[WhiteTeamCountry "GER"]
[BlackTeamCountry "GER"]

1. e4 g6 2. d4 Bg7 3. c4 Nc6 4. Ne2 e5 5. Be3 exd4 6. Nxd4 d6 7. Nc3 Nge7 8. Be2 0-0 9. 0-0 f5 10. Nxc6 bxc6 11. Bd4 c5 12. Bxg7 Kxg7 13. Qd2 Rb8 14. b3 Nc6 15. exf5 Bxf5 16. Bd3 Qd7 17. Rfe1 Bxd3 18. Qxd3 Rbe8 19. Rad1 Rxe1+ 20. Rxe1 Re8 21. Re4 Qf5 22. f3 1/2-1/2

[Event "Berliner Sommer 13th"]
[Site "Berlin"]
[Date "1995.??.??"]
[Round "8"]
[White "Poluljahov, Aleksandr"]
[Black "Tyrtania, Maximilian"]
[Result "1-0"]
[WhiteElo "2460"]
[BlackElo "2250"]
[PlyCount "65"]
[EventDate "1995.08.??"]
[EventType "swiss"]
[EventRounds "9"]
[EventCountry "GER"]
[SourceTitle "CBM 047 Extra"]
[Source "ChessBase"]
[SourceDate "1995.09.01"]
[SourceVersion "1"]
[SourceVersionDate "1995.09.01"]
[SourceQuality "1"]

1. Nf3 g6 2. e4 Bg7 3. d4 d6 4. c3 Nf6 5. Bd3 Nc6 6. 0-0 e5 7. Nbd2 0-0 8. h3 Nh5 9. Nb3 h6 10. Re1 Nf4 11. Bxf4 exf4 12. Nbd2 g5 13. Nh2 Ne7 14. Qh5 c5 15. Ndf3 Nc6 16. h4 gxh4 17. Ng4 Bxg4 18. Qxg4 cxd4 19. cxd4 h3 20. Rad1 hxg2 21. e5 dxe5 22. dxe5 Qe7 23. Kxg2 Rfd8 24. Kh2 Nb4 25. Rg1 Qf8 26. Be4 Rxd1 27. Qf5 Qd8 28. Qh7+ Kf8 29. Rxg7 Qe8 30. Rg8+ Ke7 31. Rxe8+ Rxe8 32. Qg7 Rd7 33. e6 1-0